| Tag |
First Indicator |
Second Indicator |
Subfields |
| LEADER |
00000cam a2200000 a 4500 |
| 001 |
in00001774921 |
| 005 |
20190614171457.0 |
| 008 |
960326r19951852nyua 000 1 eng |
| 010 |
|
|
|a 95079434
|
| 020 |
|
|
|a 0061180092
|
| 035 |
|
|
|a (OCoLC)ocm33815745
|
| 040 |
|
|
|a DLC
|c DLC
|d OCL
|d TXA
|d UtOrBLW
|
| 049 |
|
|
|a TXAM
|
| 050 |
0 |
0 |
|a PS2384
|b .P5 1995b
|
| 082 |
0 |
0 |
|a 813/.3
|2 20
|
| 100 |
1 |
|
|a Melville, Herman,
|d 1819-1891.
|
| 245 |
1 |
0 |
|a Pierre, or, The ambiguities /
|c Herman Melville.
|
| 246 |
3 |
0 |
|a Pierre
|
| 246 |
3 |
0 |
|a Ambiguities
|
| 250 |
|
|
|a The Kraken ed, 1st ed. /
|b edited by Hershel Parker ; pictures by Maurice Sendak.
|
| 264 |
|
1 |
|a [New York] :
|b HarperCollins,
|c 1995.
|
| 300 |
|
|
|a xlvi, 449 pages :
|b color illustrations ;
|c 20 cm.
|
| 336 |
|
|
|a text
|b txt
|2 rdacontent
|
| 337 |
|
|
|a unmediated
|b n
|2 rdamedia
|
| 338 |
|
|
|a volume
|b nc
|2 rdacarrier
|
| 500 |
|
|
|a The Cushing Library/Basbanes collection copy contains an illustrated book announcement and a release from the publisher, is inscribed to Nicholas Basbanes by the illustrator, and is part of the Nicholas A. Basbanes Collection of Inscribed Books.
|
| 541 |
0 |
|
|a Donated by Nicholas A. Basbanes
|d 20151124
|
| 650 |
|
0 |
|a Male authors
|x Family relationships
|v Fiction.
|
| 650 |
|
0 |
|a Male authors
|x Psychology
|v Fiction.
|
| 650 |
|
0 |
|a Men
|x Psychology
|v Fiction.
|
| 700 |
1 |
|
|a Sendak, Maurice.
|
| 700 |
1 |
|
|a Basbanes, Nicholas A.,
|d 1943-
|e former owner.
|
| 948 |
|
|
|a cataloged
|b h
|c 2003/7/10
|d c
|e eneff
|f 2:11:07 pm
|
| 994 |
|
|
|a E0
|b TXA
|
| 999 |
|
|
|a MARS
|
| 999 |
f |
f |
|s 6d3cbad8-2cd6-389d-8934-678c0b99f8f3
|i e175111a-2903-348c-8d16-816619173c72
|t 0
|
| 952 |
f |
f |
|p noncirc
|a Texas A&M University
|b College Station
|c Cushing Memorial Library & Archives
|d Cushing: Nicholas Basbanes (Does not check out)
|t 0
|e PS2384 .P5 1995b
|h Library of Congress classification
|i unmediated -- volume
|
| 952 |
f |
f |
|p ric
|a Texas A&M University
|b Rellis Campus
|c Joint Library Facility
|d Remote Storage
|t 0
|e PS2384 .P5 1995b
|h Library of Congress classification
|i unmediated -- volume
|m A14833763985
|
| 998 |
f |
f |
|a PS2384 .P5 1995b
|t 0
|l Remote Storage
|
| 998 |
f |
f |
|a PS2384 .P5 1995b
|t 0
|l Cushing: Nicholas Basbanes (Does not check out)
|